[Event "Open"]
[Site "Lido Estensi ITA"]
[Date "2002.06.07"]
[Round "1"]
[White "Schmitz,Ma"]
[Black "Roeder,M"]
[Result "0-1"]
[WhiteElo "2082"]
[BlackElo "2487"]

1.d4 Nf6 2.c4 e6 3.Nf3 b6 4.a3 Bb7 5.Bg5 h6 6.Bh4 d6 7.Nc3 Nbd7 8.Qc2 Be7
9.e4 c5 10.Be2 cxd4 11.Nxd4 O-O 12.O-O Rc8 13.f3 Ne5 14.Qb3 Ng6 15.Bf2 Nf4
16.Rfd1 Qc7 17.Bf1 a6 18.Nde2 Nxe2+ 19.Bxe2 Nd7 20.Na4 Bc6 21.Rac1 Rfd8 22.Bg3 Nc5
23.Nxc5 bxc5 24.Qc2 a5 25.a4 Bf6 26.Bf2 Qb6 27.b3 Bd4 28.Bxd4 cxd4 29.Qd3 e5
30.Rd2 d5 31.c5 Qb4 32.Rdc2 dxe4 33.fxe4 Qb7 34.Bf3 Rb8 35.Qd2 Qxb3 36.Qxa5 Qe3+
37.Kh1 Ra8 38.Qc7 d3 39.Rc4 Bxa4 40.Rf1 Bb5 41.Rb4 Rdc8 42.Qxe5 Rxc5 43.Qe7 d2
44.Qb7 Ra1 45.Be2 Rxf1+ 46.Bxf1 d1=Q  0-1

[Event "TCh-BIH"]
[Site "Neum BIH"]
[Date "2002.06.07"]
[Round "8"]
[White "Scekic,M"]
[Black "Nikac,P"]
[Result "1/2-1/2"]
[WhiteElo "2419"]
[BlackElo "2350"]

1.Nf3 Nf6 2.d4 e6 3.c4 b6 4.a3 Be7 5.Nc3 Bb7 6.d5 d6 7.e4 O-O 8.Be2 c6 9.O-O Na6
10.Nd4 cxd5 11.cxd5 Nc7 12.Bf3 Nd7 13.Be3 Bf6 14.Qb3 exd5 15.exd5 Bxd4 16.Bxd4 Re8
17.g3 Qg5 18.Be3 Qf5 19.Bg2 Ne5 20.Rfd1 Nf3+ 21.Kh1 g5 22.Qc4 Rac8 23.g4 Qf6
24.Ne4 Rxe4 25.Qxe4 Nh4 26.Rac1 Re8 27.Rxc7 Rxe4 28.Bxe4 Qe5 29.Rd4 Ba6 30.Ra4 Bd3
31.Rc8+ Kg7 32.Bd4 Bxe4+ 33.f3 Bxd5 34.Bxe5+ dxe5 35.Rxa7 Bxf3+ 36.Kg1 Bxg4
37.Rcc7 Bh5 38.Rab7 e4 39.Re7 Nf3+ 40.Kg2 Nd2 41.Rxb6 Nc4 42.Rb4 Bf3+ 43.Kf2 Nd6  1/2-1/2

[Event "3rd IECC"]
[Site "Batumi GEO"]
[Date "2002.06.14"]
[Round "3"]
[White "Bagirov,R"]
[Black "Graf,A"]
[Result "0-1"]
[WhiteElo "2516"]
[BlackElo "2623"]

1.d4 Nf6 2.c4 e6 3.Nf3 b6 4.a3 Bb7 5.Nc3 d5 6.Bg5 Be7 7.Qa4+ Qd7 8.Qc2 dxc4
9.e3 O-O 10.Bxc4 c5 11.O-O-O cxd4 12.Nxd4 Qc8 13.Ba2 Rd8 14.f3 Nc6 15.Ndb5 a6
16.Rxd8+ Qxd8 17.Rd1 Qb8 18.Bxf6 Bxf6 19.Nd6 Nd4 20.exd4 Qxd6 21.d5 Bxc3
22.dxe6 Bd4 23.exf7+ Kf8 24.Kb1 Bd5 25.Bxd5 Qxd5 26.Qxh7 Kxf7 27.Qd3 Rd8
28.Qxa6 Qb3 29.Rd2 Bxb2 30.Qb7+ Kf6 31.Qc6+ Kg5 32.h4+ Kh5  0-1

[Event "Open"]
[Site "Lido Estensi ITA"]
[Date "2002.06.14"]
[Round "7"]
[White "Schmitz,Ma"]
[Black "Sartori,S"]
[Result "0-1"]
[WhiteElo "2082"]
[BlackElo "2262"]

1.d4 e6 2.Nf3 Nf6 3.c4 b6 4.a3 Bb7 5.Bg5 Be7 6.Nc3 c5 7.e3 h6 8.Bh4 O-O 9.Bd3 Bxf3
10.Qxf3 Nc6 11.Ne2 Rc8 12.O-O cxd4 13.exd4 Na5 14.Rac1 Nb3 15.Rc2 b5 16.Rd1 bxc4
17.Bxc4 Na5 18.Bd3 Rxc2 19.Bxc2 Nd5 20.Qd3 f5 21.Bxe7 Qxe7 22.Qb5 Nc6 23.b4 a5
24.bxa5 Qxa3 25.Qb7 Qd6 26.Ba4 Rb8 27.Qa6 Ndb4 28.Qc4 Nxa5 29.Qc5 Qxc5 30.dxc5 Na6
31.Bxd7 Nxc5 32.g3 Kf8 33.Nf4 Ke7 34.Bxe6 g5 35.Bxf5 gxf4 36.gxf4 Rb6 37.Rd5 Nab3
38.Kg2 Kf6 39.Kg3 Ne6 40.Bxe6 Rxe6 41.f5 Re4 42.Rd6+ Kg5 43.Rg6+ Kh5 44.Kf3 Nd2+
45.Kg3 Rb4 46.h3 Ne4+ 47.Kf3 Ng5+ 48.Kg2 Rf4 49.Ra6 Rxf5 50.Ra3 Ne4 51.f3 Rg5+
52.Kh2 Nd2 53.f4 Rg6 54.Rd3 Nf1+ 55.Kh1 Kh4 56.f5 Ng3+ 57.Kh2 Nxf5 58.Rf3 Kg5
59.Ra3 Rb6 60.Ra2 Rb3 61.Rd2 h5 62.Rf2 Re3 63.Rc2 Kf4 64.Rf2+ Rf3 65.Ra2 Ng3
66.Ra4+ Ne4 67.Rb4 Rf2+ 68.Kg1 Rc2 69.Kf1 Kf3 70.Ke1 Rc1+  0-1

[Event "3rd IECC"]
[Site "Batumi GEO"]
[Date "2002.06.16"]
[Round "5"]
[White "Sargissian,G"]
[Black "Macieja,B"]
[Result "1/2-1/2"]
[WhiteElo "2538"]
[BlackElo "2584"]

1.d4 Nf6 2.c4 e6 3.Nf3 b6 4.a3 Bb7 5.Nc3 d5 6.Bg5 Be7 7.Bxf6 Bxf6 8.cxd5 exd5
9.Qa4+ Qd7 10.e3 O-O 11.Qxd7 Nxd7 12.Nb5 a6 13.Nc3 c5 14.g3 b5 15.Bg2 c4
16.O-O Rfe8 17.b4 Be7 18.Ne1  1/2-1/2

[Event "3rd IECC"]
[Site "Batumi GEO"]
[Date "2002.06.16"]
[Round "5"]
[White "Kekelidze,M"]
[Black "Sturua,Z"]
[Result "1/2-1/2"]
[WhiteElo "2477"]
[BlackElo "2565"]

1.d4 Nf6 2.Nf3 e6 3.c4 b6 4.a3 Bb7 5.Nc3 g6 6.Qc2 Bg7 7.e4 d6 8.Bd3 O-O 9.O-O Nbd7
10.Rd1 c5 11.d5 exd5 12.exd5 a6 13.Bg5 Qc7 14.Qd2 Ng4 15.Re1 Rfe8 16.h3 Nge5
17.Nxe5 Nxe5 18.Ne4 Nd7 19.Qf4 Re5 20.Nf6+ Nxf6 21.Bxf6 Bxf6 22.Qxf6 Rae8
23.Rxe5 Rxe5 24.f4 Re8 25.f5 Bc8 26.fxg6 fxg6 27.Rf1 Qg7 28.Kh2 Bf5 29.Qxg7+ Kxg7
30.Bxf5 gxf5 31.Rf3 b5 32.cxb5 axb5 33.Rb3 Re5 34.Rxb5 Rxd5 35.b4  1/2-1/2

[Event "ISYG-W16"]
[Site "Moscow RUS"]
[Date "2002.06.22"]
[Round "5"]
[White "Dolgova,O"]
[Black "Zhidkikh,D"]
[Result "1/2-1/2"]
[WhiteElo "2095"]
[BlackElo "2081"]

1.d4 Nf6 2.c4 e6 3.Nf3 b6 4.a3 Bb7 5.Nc3 Ne4 6.Qc2 f5 7.e3 d6 8.Bd3 Nxc3
9.Qxc3 Be7 10.Bd2 O-O 11.Qc2 Nd7 12.Bc3 Qe8 13.O-O-O Bf6 14.Rhg1 c5 15.Kb1 Rc8
16.d5 Bxc3 17.bxc3 Ne5 18.Nxe5 dxe5 19.f3 Qf7 20.g4 Rcd8 21.dxe6 Qxe6 22.gxf5 Qf6
23.Rg3 Rd7 24.Rdg1 Rfd8 25.Be4 Rd2 26.Qa4 Bxe4+ 27.fxe4 R8d7 28.R3g2 Qd6
29.Rxd2 Qxd2 30.Rc1 Kf7 31.Qc6 Qd3+ 32.Kb2 Qd2+ 33.Rc2 Qd6 34.Qxd6 Rxd6 35.Re2 Rd1
36.Kc2 Ra1 37.Kb2 Rd1 38.Kb3 Rb1+ 39.Kc2 Ra1 40.Kb2 Rd1 41.a4 a5 42.Ka2 Rd3
43.Kb3 Rd1 44.Kb2 Ke7 45.Rg2 Kf7 46.Kc2 Ra1 47.Kd3 Rxa4 48.Rb2 Ra1 49.Rxb6 a4
50.Kc2 Ra2+  1/2-1/2

[Event "13th Open"]
[Site "Ljubljana SLO"]
[Date "2002.06.24"]
[Round "3"]
[White "Farago,I"]
[Black "Roskar,R"]
[Result "1/2-1/2"]
[WhiteElo "2506"]
[BlackElo "2279"]

1.d4 Nf6 2.c4 e6 3.Nf3 b6 4.a3 Bb7 5.Nc3 d5 6.cxd5 Nxd5 7.Qc2 Be7 8.e4 Nxc3
9.bxc3 c5 10.Bb5+ Bc6 11.Bd3 O-O 12.O-O Bb7 13.Qe2 cxd4 14.cxd4 Nc6 15.Bb2 Bf6
16.Rad1 Na5 17.Ne5 Bxe5 18.dxe5 Qe7 19.f4 Rac8 20.Kh1 Nb3 21.f5 Qh4 22.Qe3 Rfd8
23.Rf4 Qh5 24.Rdf1 Nc5 25.Be2 Qh6 26.Bc1 exf5 27.exf5 Qg5 28.Qf2 Ne4 29.Qe1 Qh6
30.Rg4 Qc6 31.h3 h5 32.Rgf4 Qc2  1/2-1/2

[Event "3rd IECC"]
[Site "Batumi GEO"]
[Date "2002.06.26"]
[Round "13"]
[White "Bagirov,R"]
[Black "Aroshidze,L"]
[Result "1/2-1/2"]
[WhiteElo "2516"]
[BlackElo "2346"]

1.d4 Nf6 2.c4 e6 3.Nf3 b6 4.a3 Bb7 5.Nc3 d5 6.Bg5 Be7 7.Qa4+ Bc6 8.Qc2 dxc4
9.e3 b5 10.a4 b4 11.Bxf6 gxf6 12.Nb1 Bxf3 13.gxf3 c5 14.dxc5 Nd7 15.Bxc4 Nxc5
16.Nd2 Rc8 17.Rd1 Qc7 18.f4 f5 19.Rg1 Bf6 20.Bb5+ Ke7 21.Ke2 Rhd8 22.b3 a6
23.Bc4 Rd6 24.e4 fxe4 25.Nxe4 Rxd1 26.Rxd1 Nxa4 27.Qd2 Nc3+ 28.Nxc3 bxc3
29.Qe3 a5 30.f5 Qe5 31.fxe6 fxe6 32.Bd3 h6 33.h3 Qxe3+ 34.Kxe3 e5 35.Bc2 Ke6
36.Rd3 Bg5+ 37.Ke4 Rc5 38.Rg3 Kd7 39.Rg4 Kc6 40.h4 Bf4 41.Rg8 Kb6 42.Rb8+ Kc7
43.Rg8 Rc6 44.Rg7+ Kb6 45.h5 Kc5 46.Rb7 Rd6 47.Rc7+ Kb4 48.Rc4+ Ka3 49.Rxc3 Kb2
50.Rc5 Rd2 51.Bd3 Kxb3 52.Rxa5 Rxf2 53.Rb5+ Kc3 54.Rc5+ Kb4 55.Rc2  1/2-1/2

[Event "3rd IECC"]
[Site "Batumi GEO"]
[Date "2002.06.26"]
[Round "13"]
[White "Sturua,Z"]
[Black "Graf,A"]
[Result "1/2-1/2"]
[WhiteElo "2565"]
[BlackElo "2623"]

1.d4 Nf6 2.Nf3 e6 3.c4 b6 4.a3 Ba6 5.Qc2 Bb7 6.Nc3 c5 7.e4 cxd4 8.Nxd4 Bc5
9.Nb3 Nc6 10.Nxc5 bxc5 11.Bd3 Nd4 12.Qd1 d5 13.exd5 exd5 14.O-O O-O 15.Bg5 dxc4
16.Bxc4 Qb6 17.f3 Nd7 18.Rf2 Qg6 19.Be7 Rfe8 20.Nd5 Ne5 21.Bxc5 Ne6 22.Ne7+ Rxe7
23.Bxe7 Nxc4 24.Qc2 Nf4 25.Qxg6 hxg6 26.Rc1 Ba6 27.Rd1 Ne6 28.Bb4 Bb5 29.b3 Ne3
30.Re1 Nd5 31.Ba5 Rb8 32.Rd2 Ndf4 33.a4 Bc6 34.Rc1 Nd4 35.Rc4 Nxb3 36.Rxc6 Nxa5
37.Rc7 a6 38.Kf2 Nb3 39.Rd6 Ne6 40.Rc2 a5 41.Rd5 Nbd4 42.Rd2 Nc6 43.Rb5 Rc8
44.Ke3 Re8 45.Kf2 Ncd4 46.Rb6 Rc8 47.Ra6 Nb3 48.Rd5 Rc2+ 49.Kg3 Ra2 50.h4 Rxa4
51.Rb5 Ned4 52.Rb8+ Kh7 53.Raa8 g5 54.h5 g6 55.Rh8+ Kg7 56.h6+ Kf6 57.Ra6+ Ne6
58.Rb8 Nc5 59.h7 Rh4 60.Rxe6+ Kxe6 61.h8=Q Rxh8 62.Rxh8 a4 63.Rd8 Ke5 64.Kf2 Ne6
65.Rd7 f5 66.Ke3 Nf4 67.Kf2 Nd5 68.Ra7 Nc3 69.Ke3 Nd5+ 70.Ke2 Kf4 71.Kf2 Nc3
72.Rc7 Nd1+ 73.Ke2 Nb2 74.Kf2 Nd3+ 75.Ke2 Ne5 76.Rc5 g4 77.fxg4 Nxg4 78.Rc3 Nf6
79.Ra3  1/2-1/2

[Event "13th Open"]
[Site "Ljubljana SLO"]
[Date "2002.06.27"]
[Round "6"]
[White "Eljanov,P"]
[Black "Farago,I"]
[Result "1-0"]
[WhiteElo "2561"]
[BlackElo "2506"]

1.d4 Nf6 2.Nf3 e6 3.c4 b6 4.a3 Ba6 5.Qc2 Bb7 6.Nc3 c5 7.e4 cxd4 8.Nxd4 Bc5
9.Nb3 Nc6 10.Bg5 h6 11.Bh4 Nd4 12.Nxd4 Bxd4 13.Bd3 Qb8 14.Bg3 Be5 15.O-O-O O-O
16.Kb1 Rc8 17.Qe2 a6 18.Bxe5 Qxe5 19.Rhf1 b5 20.f4 Qc5 21.cxb5 axb5 22.Rc1 b4
23.Nd5 Qxc1+ 24.Rxc1 Rxc1+ 25.Kxc1 exd5 26.e5 bxa3 27.bxa3 Ne4 28.Bxe4 dxe4
29.Qg4 e3 30.Qxd7 Rxa3 31.Qxb7 Ra1+ 32.Kb2 e2 33.Qc8+  1-0

[Event "13th Open"]
[Site "Ljubljana SLO"]
[Date "2002.06.29"]
[Round "8"]
[White "Eljanov,P"]
[Black "Sax,G"]
[Result "1/2-1/2"]
[WhiteElo "2561"]
[BlackElo "2566"]

1.d4 Nf6 2.Nf3 e6 3.c4 b6 4.a3 Bb7 5.Nc3 d5 6.cxd5 Nxd5 7.e3 Be7 8.Bb5+ c6
9.Bd3 O-O 10.Qc2 h6 11.e4 Nxc3 12.bxc3 c5 13.O-O Qc8 14.Qa2 Rd8 15.Rd1 Ba6
16.Bf4 Bxd3 17.Rxd3 Nc6 18.Rad1 Qa6 19.d5 exd5 20.exd5 Bf6 21.Qc2 c4 22.R3d2 Nb8
23.Ne5 Qxa3 24.Qf5 Qa4 25.Bxh6 Nd7 26.Bf4 Nxe5 27.Bxe5 Qd7 28.Qf4 Bxe5 29.Qxe5 Qd6
30.Qd4 Rac8 31.Re2 a5 32.Re5 a4 33.Rf5 f6 34.Rh5 Kf7 35.h3 a3 36.Ra1 Rc7
37.Qg4 b5 38.Rxa3 Qxa3 39.Qe6+ Kg6  1/2-1/2

[Event "13th Open"]
[Site "Ljubljana SLO"]
[Date "2002.06.30"]
[Round "9"]
[White "Farago,I"]
[Black "Palo,D"]
[Result "0-1"]
[WhiteElo "2506"]
[BlackElo "2359"]

1.d4 Nf6 2.c4 e6 3.Nf3 b6 4.a3 Bb7 5.Nc3 Ne4 6.Nxe4 Bxe4 7.Nd2 Bb7 8.e4 Be7
9.Bd3 d6 10.O-O Nd7 11.Nf3 O-O 12.Bd2 Bf6 13.Qc2 c5 14.d5 Ne5 15.Nxe5 Bxe5
16.f4 Bd4+ 17.Kh1 exd5 18.exd5 h6 19.Bc3 Qf6 20.Bxd4 Qxd4 21.f5 f6 22.Rae1 Rae8
23.Re6 Bc8 24.Rd1 Bxe6 25.dxe6 g6 26.Be4 Qe5 27.h3 gxf5 28.Bxf5 Re7 29.Rd5 Qe1+
30.Kh2 Kh8 31.Qd3 Rg8 32.Qf3 Rg5 33.Qf4 Reg7 34.Bg4 f5 35.Bf3 Qf2  0-1

[Event "23rd Open"]
[Site "Bled SLO"]
[Date "2002.07.05"]
[Round "4"]
[White "Soln,P"]
[Black "Kurajica,B"]
[Result "0-1"]
[WhiteElo "2419"]
[BlackElo "2555"]

1.d4 Nf6 2.c4 e6 3.Nf3 b6 4.a3 Ne4 5.g3 Bb7 6.Bg2 d5 7.O-O Nd7 8.Bf4 g5 9.Be3 f5
10.Qa4 c6 11.Nc3 Be7 12.Nxe4 dxe4 13.Ne5 Nxe5 14.dxe5 Qc7 15.Rad1 O-O 16.c5 Rf7
17.Bd4 bxc5 18.Bc3 Bf8 19.g4 Re8 20.f4 gxf4 21.Rxf4 Bh6 22.Rff1 Be3+ 23.Kh1 Bd4
24.Bxd4 cxd4 25.Qxd4 c5 26.Qd6 Qxd6 27.Rxd6 fxg4 28.Rxf7 Kxf7 29.Kg1 Bd5
30.Rd7+ Kg6 31.Rxa7 Rb8 32.Ra4 Kf5 33.b4 Kxe5 34.bxc5 Rb1+ 35.Bf1 h5 36.e3 h4
37.Rb4 Rc1 38.a4 h3 39.Rb2 Bc4  0-1

[Event "3rd Stage Russian Cup"]
[Site "Tomsk RUS"]
[Date "2002.07.08"]
[Round "1"]
[White "Bocharov,D"]
[Black "Nigametzianov,M"]
[Result "1-0"]
[WhiteElo "2475"]
[BlackElo "2254"]

1.d4 Nf6 2.Nf3 e6 3.c4 b6 4.a3 Bb7 5.Nc3 Be7 6.d5 O-O 7.e4 d6 8.Bd3 Nbd7
9.O-O h6 10.Nd4 Nc5 11.Bc2 a5 12.Rb1 exd5 13.exd5 Re8 14.b4 axb4 15.axb4 Ncd7
16.f4 Nh7 17.Qd3 Nhf8 18.Nf5 Bf6 19.Ne4 Ng6 20.Nxf6+ Nxf6 21.Qg3 Nh5 22.Qh3 Nf6
23.Bb2 Bc8 24.Nxh6+ gxh6 25.Qxh6 Re2 26.Bxg6 Rxb2 27.Rxb2 fxg6 28.Qxg6+ Kh8
29.Re1 Bd7 30.Rbe2 Ng8 31.Re7 Nxe7 32.Qf6+ Kg8 33.Rxe7 Ra1+ 34.Kf2 Ra2+ 35.Ke3 Ra3+
36.Kd4 Qxe7 37.Qxe7 Bf5 38.Qg5+  1-0

[Event "FSIMA July"]
[Site "Budapest HUN"]
[Date "2002.07.12"]
[Round "7"]
[White "Galyas,M"]
[Black "Lengyel,B"]
[Result "1/2-1/2"]
[WhiteElo "2407"]
[BlackElo "2352"]

1.d4 Nf6 2.c4 e6 3.Nf3 b6 4.a3 Ba6 5.Qc2 d5 6.cxd5 exd5 7.Nc3 Be7 8.g3 O-O
9.Bg2 Bb7 10.O-O Nbd7 11.Bf4 a6 12.Rad1 Re8 13.Rfe1 Nf8 14.Be5 Rb8 15.b4 Ne6
16.Bh3 Bf8 17.Qb3 Ne4 18.Rc1 Bd6 19.Red1 N6g5 20.Bg2 Nxf3+ 21.Bxf3 Qg5 22.Bxd6 cxd6
23.e3 Qf5 24.Nxe4 dxe4 25.Bg2 Rbc8 26.Qb1 Bd5 27.Rxc8 Rxc8 28.Rc1 Rxc1+ 29.Qxc1 Qd7
30.Qc2  1/2-1/2

[Event "FSIMA July"]
[Site "Budapest HUN"]
[Date "2002.07.15"]
[Round "10"]
[White "Galyas,M"]
[Black "Tanaka,Y"]
[Result "1/2-1/2"]
[WhiteElo "2407"]
[BlackElo "2187"]

1.d4 Nf6 2.c4 e6 3.Nf3 b6 4.a3 c5 5.d5 Ba6 6.b3 exd5 7.cxd5 g6 8.Bb2 Bg7
9.e4 Bxf1 10.Kxf1 d6 11.Nbd2 O-O 12.Qc2 Re8 13.Re1 b5 14.g3 Nbd7 15.Kg2 Qb6
16.h3 Rac8 17.Bc3 Qb7 18.Qb2 a5 19.Qa1 Nh5 20.Bxg7 Nxg7 21.a4 f5 22.exf5 Nxf5
23.Rxe8+ Rxe8 24.Re1 Rxe1 25.Qxe1 Nf8 26.axb5 Qxb5 27.Qe4 Qb4 28.g4 Nd4 29.Nxd4 cxd4
30.Qf4 Qc5 31.Qe4 Qb4 32.Nf3 Qxb3 33.Qxd4 a4 34.Nd2 Qb7 35.Ne4 a3 36.Qc4 Qe7
37.Nc3 Qe5 38.Qb3 g5 39.Qxa3  1/2-1/2

[Event "Open Aegean Ch"]
[Site "Ikaros GRE"]
[Date "2002.07.17"]
[Round "5"]
[White "Rychagov,A"]
[Black "Khetsuriani,B"]
[Result "1-0"]
[WhiteElo "2537"]
[BlackElo "2415"]

1.d4 Nf6 2.c4 e6 3.Nf3 b6 4.a3 Bb7 5.Nc3 Ne4 6.Nxe4 Bxe4 7.Bf4 Be7 8.e3 O-O
9.Bd3 Bxd3 10.Qxd3 d6 11.e4 Nd7 12.O-O Re8 13.b4 a5 14.h3 Bf8 15.Bd2 axb4
16.axb4 g6 17.e5 Bg7 18.Bg5 Qb8 19.Qe4 Rxa1 20.Rxa1 dxe5 21.Nxe5 Nxe5 22.dxe5 c5
23.bxc5 bxc5 24.Rb1 Qxe5 25.Qc6 Rb8 26.Rxb8+ Qxb8 27.Qxc5 Be5 28.g3 Qb1+
29.Kh2 Qf5 30.Be3 h5 31.Bd4 Bxd4 32.Qxd4 e5 33.Qd8+ Kg7 34.Qd2 Qe4 35.Qc3 Kf6
36.c5 Qc6 37.f4 Kg7 38.fxe5 Kf8 39.Kg1 Ke7 40.Kf2 Ke6 41.Ke3 Qg2 42.Qc4+ Ke7
43.Qh4+ Ke8 44.Kd4 Kd7 45.Qf4 Qb2+ 46.Kc4 Qc2+ 47.Kb5 Qb2+ 48.Kc4 Qc2+ 49.Kd5 Qb3+
50.Qc4 Qf3+ 51.Kd4 Qf2+ 52.Ke4 Qg2+ 53.Kf4 Qd2+ 54.Kf3 Qd1+ 55.Ke4 Qe1+ 56.Kd5 Qh1+
57.Qe4 Qxh3 58.Qa4+ Ke7 59.Qh4+ Qxh4 60.gxh4 Kd7 61.c6+ Kc7 62.Kc5  1-0

[Event "EuJun"]
[Site "Baku AZE"]
[Date "2002.07.19"]
[Round "6"]
[White "Riazantsev,A"]
[Black "Mamedov,N"]
[Result "1/2-1/2"]
[WhiteElo "2537"]
[BlackElo "2463"]

1.d4 Nf6 2.c4 e6 3.Nf3 b6 4.a3 Ba6 5.Qc2 Bb7 6.Nc3 c5 7.e4 cxd4 8.Nxd4 Bc5
9.Nb3 Nc6 10.Bg5 h6 11.Bh4 d6 12.O-O-O a6 13.Kb1 e5 14.f3 O-O 15.g4 a5 16.Qd2 Nxe4
17.fxe4 Qxh4 18.h3 Rad8 19.Bd3 Ne7 20.Nd5 Nxd5 21.exd5 Qf2 22.Qc3 Rc8 23.Rhf1 Qh4
24.Bc2 g6 25.Qd3 Rc7 26.Nxc5 bxc5 27.Qc3 Re7 28.Qxa5 e4 29.Rde1 Qxh3 30.Qb6 Qg3
31.Rg1 Qf4 32.Rgf1 Qg3 33.Rg1 Qf4 34.Rgf1 Qg3  1/2-1/2

[Event "Lasker Mem Open"]
[Site "Barlinek POL"]
[Date "2002.07.20"]
[Round "2"]
[White "Szczechowicz,B"]
[Black "Zschaebitz,K"]
[Result "1-0"]
[WhiteElo "2289"]
[BlackElo "2183"]

1.d4 Nf6 2.Nf3 e6 3.c4 b6 4.a3 Bb7 5.Nc3 d5 6.cxd5 exd5 7.g3 Ne4 8.Qc2 Bd6
9.Nb5 O-O 10.Bg2 Re8 11.O-O Nd7 12.Be3 Ndf6 13.Rad1 Ng4 14.Bc1 h5 15.Nxd6 cxd6
16.h3 Nh6 17.Bxh6 gxh6 18.h4 Qd7 19.Ne1 Rac8 20.Qd3 Rc7 21.Bf3 Qf5 22.Ng2 Bc8
23.Nf4 Nf6 24.Rc1 Rxc1 25.Rxc1 Qxd3 26.Nxd3 Bg4 27.Kg2 Bxf3+ 28.Kxf3 Re7
29.Rc8+ Kg7 30.Nf4 Rd7 31.a4 Rb7 32.b4 Rd7 33.Kg2 Kh7 34.f3 Kg7 35.Kf2 Kh7
36.b5 Kg7 37.Ke1 Kh7 38.Kd2 Kg7 39.Kc3 Kh7 40.Kb4 Re7 41.a5 bxa5+ 42.Kxa5 Re3
43.Rc7 Kg7 44.Rxa7 Rb3 45.Kb6 Rb4 46.Kc6 Kf8 47.b6  1-0

[Event "24th Politiken Cup"]
[Site "Copenhagen DEN"]
[Date "2002.07.20"]
[Round "6"]
[White "Hoeg,C"]
[Black "Romsdal,T"]
[Result "0-1"]
[WhiteElo "2010"]
[BlackElo "2205"]

1.d4 Nf6 2.c4 e6 3.Nf3 b6 4.a3 Bb7 5.Nc3 d5 6.cxd5 exd5 7.e3 Be7 8.Bb5+ c6
9.Bd3 O-O 10.O-O Nbd7 11.b4 a5 12.b5 c5 13.Bb2 Bd6 14.Na4 Re8 15.Bf5 Nf8
16.Rc1 Ne4 17.Ne5 f6 18.Nc6 Bxc6 19.dxc5 Bxh2+ 20.Kxh2 Bxb5 21.Nxb6 Bxf1
22.Qxf1 Rb8 23.Bd4 Ne6 24.Bxe4 dxe4 25.Qc4 Kh8 26.Kg1 Qc7 27.Nd5 Qc6 28.Ba1 Rb5
29.Bd4 Rb7 30.g3 Rd8 31.Nc3 Ng5 32.Ne2 Rdb8 33.Qc2 Rb3 34.Qa2 Qc8 35.Nf4 Qg4
36.c6 R3b5 37.Qe2 Nf3+ 38.Kg2 Rf5 39.c7 Rc8 40.Rc2 h5 41.Bb6 h4 42.Rd2 Rg5
43.Rd8+ Kh7 44.Qd1 hxg3 45.Qh1+ Nh4+ 46.Kf1 Rb5 47.Qxe4+ f5 48.Qd3 g2+ 49.Nxg2 Qxg2+
50.Ke1 Rb2  0-1

[Event "Capital of Siberia Open"]
[Site "Novosibirsk RUS"]
[Date "2002.07.20"]
[Round "2"]
[White "Trufanov,Alexande"]
[Black "Shushpanov,R"]
[Result "0-1"]
[WhiteElo "2243"]
[BlackElo "2485"]

1.d4 Nf6 2.c4 e6 3.Nf3 b6 4.a3 c5 5.e3 g6 6.Nc3 Bg7 7.Be2 O-O 8.O-O Bb7 9.b4 Ne4
10.Nxe4 Bxe4 11.Bb2 Qc7 12.Nd2 Bb7 13.Qb3 d6 14.Bf3 cxd4 15.Bxd4 Bxd4 16.exd4 Nc6
17.Qe3 e5 18.dxe5 dxe5 19.Bd5 Kg7 20.Rac1 Rad8 21.f4 exf4 22.Rxf4 Rde8 23.Re4 Rxe4
24.Qxe4 f5 25.Qe3 Nd8 26.Qd4+ Rf6 27.Re1 Qd6 28.Nf3 Bxd5 29.cxd5 a5 30.Ng5 axb4
31.axb4 h6 32.Nf3 g5 33.h3 Nf7 34.Re6 Qd8 35.Ne5 Rxe6 36.Nc6+ Qf6  0-1

[Event "Capital of Siberia Open"]
[Site "Novosibirsk RUS"]
[Date "2002.07.22"]
[Round "4"]
[White "Okhrimenko,I"]
[Black "Pakhomova,E"]
[Result "1-0"]
[WhiteElo "2178"]
[BlackElo "2026"]

1.d4 Nf6 2.c4 e6 3.Nf3 b6 4.a3 Ba6 5.e3 c5 6.Nc3 cxd4 7.exd4 Be7 8.Be2 O-O
9.O-O d5 10.cxd5 Bxe2 11.Qxe2 Nxd5 12.Ne4 Nc6 13.Rd1 Rc8 14.Bg5 h6 15.Be3 Qc7
16.Rac1 Qb7 17.Ned2 Rfd8 18.Nc4 Bf6 19.Nce5 Nce7 20.Ng4 Nf5 21.Nxf6+ Nxf6
22.Bf4 Rxc1 23.Bxc1 Qe4 24.Kf1 Rc8 25.Qxe4 Nxe4 26.Ke2 Nfd6 27.Ne1 Nf6 28.f3 Nb5
29.Be3 Nd5 30.a4 Nd6 31.Rc1 Rxc1 32.Bxc1 Nc4  1-0

[Event "KB Czech Open"]
[Site "Pardubice CZE"]
[Date "2002.07.22"]
[Round "4"]
[White "Markos,J"]
[Black "Macieja,B"]
[Result "0-1"]
[WhiteElo "2467"]
[BlackElo "2607"]

1.d4 Nf6 2.c4 e6 3.Nf3 b6 4.a3 Bb7 5.Nc3 d5 6.cxd5 Nxd5 7.Qc2 Nxc3 8.Qxc3 h6
9.Bf4 Bd6 10.Bg3 O-O 11.e3 Nd7 12.Bb5 Bxg3 13.hxg3 c6 14.Ba4 Rc8 15.Rd1 Ba6
16.Bc2 c5 17.d5 Qe7 18.d6 Qf6 19.Qxf6 Nxf6 20.e4 Bb7 21.Rh4 Rcd8 22.e5 Nd7
23.Be4 g5 24.Bxb7 gxh4 25.gxh4 f6 26.exf6 Rxf6 27.Bc6 e5 28.Be4 Nf8 29.Rd5 Rdxd6
30.Nxe5 Rxd5 31.Bxd5+ Kg7 32.g3 Rd6 33.Bc4 Rd4 34.Be2 Ng6 35.Nxg6 Kxg6 36.Bb5 Kf5
37.Ke2 Re4+ 38.Kd3 Re1 39.Kd2 Rg1 40.Ke3 Kf6 41.Bd3 Ra1 42.f4 h5 43.Be2 Rg1
44.b4 Rxg3+ 45.Ke4 Rxa3 46.bxc5 Ra4+  0-1

[Event "KB Czech Open"]
[Site "Pardubice CZE"]
[Date "2002.07.24"]
[Round "6"]
[White "Votava,J"]
[Black "Hracek,Z"]
[Result "0-1"]
[WhiteElo "2511"]
[BlackElo "2600"]

1.d4 Nf6 2.c4 e6 3.Nf3 b6 4.a3 Ba6 5.Qc2 Bb7 6.Bg5 c5 7.Nbd2 cxd4 8.Nxd4 Be7
9.e4 d6 10.Be2 O-O 11.O-O Nbd7 12.Rad1 a6 13.Be3 Rc8 14.Rb1 Re8 15.b4 Bf8
16.Rfe1 Qc7 17.Rbc1 Qb8 18.h3 Qa8 19.f3 d5 20.exd5 exd5 21.Bf2 g6 22.N4b3 dxc4
23.Bxc4 Qb8 24.Rxe8 Rxe8 25.Re1 Rc8 26.Bd3 Bd6 27.Ne4 Bh2+ 28.Kh1 Bxe4 29.Bxe4 Nh5
30.Rd1 Bg3 31.Bd4 Be5 32.Bf2 Ndf6 33.Bd3 Nd5 34.Bxa6 Nc3 35.Rc1 Rd8 36.Qb2 Qd6
37.Bf1 Nd1 38.g4 Nxf2+ 39.Qxf2 Nf4 40.Re1 Qd5 41.Qe3 Bc7 42.Rc1 Ne6 43.Bc4 Qd6
44.Qf2 Nf4 45.Bf1 Ne6 46.Bc4 Ng5 47.Bf1 Qe5 48.a4 Ne6 49.a5 bxa5 50.bxa5 Bxa5
51.Nxa5 Qxa5 52.f4 Rd2 53.Qf3 Qd8 54.f5 Qd6 55.Bg2  0-1

[Event "KB Czech Open"]
[Site "Pardubice CZE"]
[Date "2002.07.24"]
[Round "6"]
[White "Korotkjevich,S"]
[Black "Markos,J"]
[Result "0-1"]
[WhiteElo "2313"]
[BlackElo "2467"]

1.d4 Nf6 2.Nf3 e6 3.c4 b6 4.a3 Ba6 5.Qc2 Bb7 6.Nc3 c5 7.dxc5 Bxc5 8.e4 Ng4
9.Nd1 Nc6 10.Be2 Qf6 11.h3 Nge5 12.Nxe5 Qxe5 13.Nc3 Nd4 14.Qd3 f5 15.exf5 Bxg2
16.f4 Nf3+ 17.Kd1 Qxf5  0-1

[Event "Somes Open"]
[Site "Satu-Mare ROM"]
[Date "2002.07.27"]
[Round "2"]
[White "Solcanean,S"]
[Black "Soltanici,R"]
[Result "0-1"]
[WhiteElo "2220"]
[BlackElo "2426"]

1.d4 Nf6 2.Nf3 e6 3.c4 b6 4.a3 Ba6 5.Qc2 c5 6.e4 cxd4 7.Nxd4 d6 8.Be2 Be7
9.Nc3 Bb7 10.O-O O-O 11.Be3 a6 12.f3 Nbd7 13.Rfd1 Rc8 14.Qd2 Qc7 15.Rdc1 Qb8
16.a4 Bd8 17.g4 h6 18.Bf1 Bc7 19.h4 Rfe8 20.g5 hxg5 21.hxg5 Nh5 22.Bh3 g6
23.Bg4 Ne5 24.Bxh5 Nxc4 25.Qe2 d5 26.Bg4 Nxe3 27.Qxe3 Bf4 28.Qf2 Bxc1 29.Rxc1 Qf4
30.Re1 dxe4 31.Nxe4 Bxe4 32.Rxe4 Qxg5 33.Qe3 Qxe3+ 34.Rxe3 Rc4 35.Ne2 Rxa4
36.Rb3 b5 37.Kf2 Kg7 38.Bh3 b4 39.Bf1 a5 40.Nd4 Ra1 41.Nc6 Rh8 42.Kg2 Rh5
43.Rd3 Rc5 44.Nd4 e5 45.Nb3 Rc2+ 46.Rd2 Rxd2+ 47.Nxd2 a4 48.Nc4 a3 49.bxa3 bxa3  0-1

[Event "6th Open"]
[Site "Korinthos GRE"]
[Date "2002.07.31"]
[Round "9"]
[White "Banikas,H"]
[Black "Gershon,A"]
[Result "1/2-1/2"]
[WhiteElo "2521"]
[BlackElo "2556"]

1.d4 Nf6 2.c4 e6 3.Nf3 b6 4.a3 Bb7 5.Nc3 d5 6.Bg5 Be7 7.Qa4+ Qd7 8.Qxd7+ Nbxd7
9.Nb5 Bd8 10.cxd5 Nxd5 11.Rc1 a6 12.e4 axb5 13.exd5 Bxd5 14.Bxd8 Kxd8 15.Bxb5 c6
16.Be2 c5 17.O-O Ke7 18.Rfd1 Rhc8 19.Bb5 Ra5 20.Be2 Raa8 21.Bb5 Ra5 22.Be2 c4
23.Ne5 Nxe5 24.dxe5 g5 25.Rc3 Bb7 26.Rxc4 Rxc4 27.Bxc4 Rxe5 28.b4 Bc6 29.f3 Re3
30.b5 Be8 31.Bd3 f5 32.a4 Re5 33.Ra1 Rd5 34.Bf1 Kd6 35.a5 bxa5 36.Rxa5 Kc5
37.b6+  1/2-1/2

[Event "ch-IRI"]
[Site "Tehran IRI"]
[Date "2002.08.01"]
[Round "7"]
[White "Ghane,S"]
[Black "Roghani,A"]
[Result "1-0"]
[WhiteElo "2423"]
[BlackElo "2294"]

1.d4 Nf6 2.c4 e6 3.Nf3 b6 4.a3 Ba6 5.e3 d5 6.Nbd2 Be7 7.Bd3 c5 8.b3 O-O 9.Bb2 cxd4
10.Nxd4 Bb7 11.O-O Nbd7 12.b4 Rc8 13.Qb1 h6 14.Rc1 Bd6 15.N2f3 dxc4 16.Bxc4 Qe7
17.h3 Bb8 18.Qd3 Qd6 19.Ba6 Be4 20.Qe2 Rxc1+ 21.Rxc1 Ne5 22.Nxe5 Qxe5 23.f4 Qd6
24.Nf3 Qe7 25.Ne5 Nd7 26.Nxd7 Qxd7 27.Rd1 Qe7 28.Qc4 Bd5 29.Qd4 f6 30.e4 Bb7
31.Bxb7 Qxb7 32.Qc4 Bxf4 33.Qxe6+ Qf7 34.Qg4 Be3+ 35.Kh2 Qb3 36.Rd7 Rf7 37.Rd8+ Kh7
38.Qf5+ g6 39.Qd5 Bf4+ 40.Kg1 Qxd5 41.exd5 Kg7 42.Kf2 Bc7 43.Rc8 Rd7 44.Ke3 Kf7
45.Bd4 Bd8 46.Ra8 f5 47.Kd3 Rxd5 48.Rxa7+ Ke6 49.Kc3 Rd6 50.a4 Kd5 51.Bg7 h5
52.Bf8 Rc6+ 53.Kd3 Bf6 54.Rd7+ Ke6 55.Rb7 Bd8 56.Bh6 g5 57.Rg7 Bf6 58.Rb7 g4
59.Be3 Bd8 60.Bf4 gxh3 61.gxh3 Kf6 62.Rh7 Rc8 63.Rxh5 Ra8 64.Rh8 Kg7 65.Be5+ Kf7
66.Bc7 Rxa4 67.Bxd8 Rxb4 68.h4 b5 69.Bg5 f4 70.Rh6 Rb3+ 71.Ke4 b4 72.Bxf4 Rc3
73.Kf5 Rc5+ 74.Be5 Rb5 75.Rh7+ Kg8  1-0